|
|
|
|
| LEADER |
00000nab a2200000 a 4500 |
| 001 |
vtls000845408 |
| 003 |
SK-MaSNL |
| 005 |
20260426090725.0 |
| 008 |
250429c2003 xo 0 slo |
| 015 |
|
|
|a SNBRB2003/09-25959
|
| 035 |
|
|
|a CLN000197063
|
| 035 |
|
|
|a urn:nbn:sk:snk-ab6w1i
|
| 035 |
|
|
|a (uuid)84c90491-0ca2-46ce-bd13-bcbddf06caba
|
| 035 |
|
|
|a (urnnbn)urn:nbn:sk:snk:ar-a061ie
|
| 035 |
|
|
|a (sysno)vtls000845408
|
| 040 |
|
|
|a SNKBUCL
|b slo
|c SNKBUCL
|e AACR2
|
| 041 |
0 |
|
|a slo
|
| 044 |
|
|
|a xo
|c SK
|
| 080 |
|
|
|a 616.379-008.64-06:616.12/.13(437.6)
|2 1997
|
| 245 |
0 |
0 |
|a Epidemiológia typu 2 diabetes mellitus a jeho kardiovaskulárnych komplikácií na Slovensku
|c J. Vozár ... [et al.]
|
| 300 |
|
|
|b Obr., tab.
|
| 504 |
|
|
|a Res. angl., slov.
|
| 504 |
|
|
|a Bibliogr. odkazy
|
| 650 |
0 |
7 |
|a prevalencia
|2 MESH
|9 840846
|
| 650 |
0 |
7 |
|a diabetes mellitus nezávislý od inzulínu
|x komplikácie
|x epidemiológia
|2 MESH
|9 1502885
|
| 650 |
0 |
7 |
|a choroby kardiovaskulárne
|x komplikácie
|x epidemiológia
|2 MESH
|9 1502886
|
| 650 |
0 |
7 |
|a obezita
|2 MESH
|9 2527
|
| 650 |
0 |
7 |
|a hyperlipoproteinémia
|x komplikácie
|2 MESH
|9 1429991
|
| 651 |
|
7 |
|a Slovensko
|2 snkbucl
|9 14231
|
| 651 |
|
7 |
|a Slovensko
|2 MESH
|9 14231
|
| 655 |
|
7 |
|a články z novín a časopisov
|2 snkbucl
|9 267496
|
| 700 |
1 |
|
|a Waszczuk, P.
|4 aut
|9 1502881
|
| 700 |
1 |
|
|a Běhunčík, M.
|4 aut
|9 1502887
|
| 700 |
1 |
|
|a Bitarovská, E.
|4 aut
|9 1502888
|
| 700 |
1 |
|
|a Ehsan, N.
|4 aut
|9 1158252
|
| 700 |
1 |
|
|a Jakubíková, K.
|c (kardiologička)
|4 aut
|9 9906
|
| 700 |
1 |
|
|a Kupcová, T.
|4 aut
|9 1502879
|
| 700 |
1 |
|
|a Macko Marek
|4 aut
|9 220169
|
| 700 |
1 |
|
|a Minarovičová, O.
|4 aut
|9 1502889
|
| 700 |
1 |
|
|a Porubská, M.
|4 aut
|9 813336
|
| 700 |
1 |
|
|a Vozár, Juraj,
|d 1946-2014
|4 aut
|9 27878
|
| 700 |
1 |
|
|a Šlopková, E.
|4 aut
|9 1502890
|
| 773 |
0 |
|
|t Diabetes a obezita
|g Roč. 3, č. 5 (2003), s. 53-67
|x 1335-8383
|
| 850 |
|
|
|a Slovenská národná knižnica
|
| 852 |
|
|
|a Slovenská národná knižnica
|
| 954 |
|
|
|a odborná, vedecká literatúra pôvodná (slovenská)
|2 lita
|
| 958 |
|
|
|a article27
|
| 958 |
|
|
|a MI
|
| 958 |
|
|
|a NB
|
| 958 |
|
|
|a OND
|
| 958 |
|
|
|a EUIPO
|
| 999 |
|
|
|c 3000855
|d 3002785
|